| 000 | 00464nam a2200157 a 4500 | ||
|---|---|---|---|
| 005 | 20140412111325.0 | ||
| 008 | 110128s19uu xx 00 eng d | ||
| 020 | _a0-89565-688-4 | ||
| 050 |
_aTR(PS E _bWh55 1988 |
||
| 100 | _aMoncure, Jane Belk | ||
| 245 |
_aWhat do you do with a Grumpy Kangaroo? / _cJane Belk Moncure. |
||
| 260 |
_aU.S.A : _bThe Child's world, _c1988. |
||
| 440 | _aMagic castle readers | ||
| 500 | _aA book about feelings | ||
| 999 |
_c104584 _d104584 |
||